Mr. Plow Theme Quiz Stats

Quiz Updated Nov 14, 2012

Challenge
Share
Tweet
Embed
Score 0/12 Timer 01:00
0 Plays Today
% Correct
Plow,
99.5%
Plow.
99.5%
Mr.
99.3%
Mr.
99.3%
is
88.3%
that
87.2%
name
86.8%
name,
86.8%
my
84.2%
again
83.7%
that's
80.9%
Call
60.7%

You're not logged in!

Compare scores with friends on all Sporcle quizzes.
Join for Free
OR
Log In

You Might Also Like...

Show Comments

Extras

Top Quizzes Today


Score Distribution

Your Account Isn't Verified!

In order to create a playlist on Sporcle, you need to verify the email address you used during registration. Go to your Sporcle Settings to finish the process.

Report this User

Report this user for behavior that violates our Community Guidelines.

Details: